1401 1097 1867 1832 1060 1923 1284 1348 1363 1055 1803 1828 1566 1299 1399 1882 1679 1218 1659 1003 1268 1276 1396 1459 1873 1700 1663 1859 1772 1616 1365 1973 1476 1589 1239 1854 1519 1059 1754 1675 1033 1301 1902 1926 1317 1845 1038 1726 1007 1648 1907 1755 1631 1342 1334 1012 1390 1064 1474 1965 1532 1473 1627 1084 1513 1882 1234 1847 1451 1251 1204 1152 1577 1887 1207 1841 1661 1311 1513 1922 1128 1446 1440 1228 1482 1675 1742 1281 1043 1369 1018 1992 1524 1967 1698 1063 1692 1188 1803 BCNSPRNW ULIB Ver.6.0+V

เปลี่ยนเป็นภาษาไทย

Change to English
 แสดงรายละเอียดบรรณานุกรม
  กลับหน้าหลัก

Brief Record : Get Marc (ISO 2709) : E-mail record : QR code < ปิดหน้าต่าง
LEADER : 00000nam 2200000uu 4500
001    13399110434
003     ULIB
008    110530s2011||||th 000 0 eng d
020    1609133658
060 04 WY100^bT239f 2011
100 1  Taylor, Carol
245 10 Skill checklist for Fundamentals of nursing :^bthe art & science of nursingcare /^cCarol Taylor, Carol Lillis, Priscilla LeMone
250    7th ed.
260    Philadelphia :^bLippincott,^c2011
300    xxxv, 158 p. :^bcol. ill. ;^c29 cm.
504    Includes bibliographical references and index
650  2 Nursing
650  2 Health Promotion
650  2 Nursing Process
700 1  Lillis, Carol
700 1  LeMone, Priscilla
945    ^p0^l0^i030092
995    Kesorn
999 ^a ใช้งานได้ทุกระบบ
รายการนี้ยังไม่มีแท็ก
คุณยังไม่ได้ล็อกอิน คุณสามารถมีกิจกรรมร่วมกับเว็บไซต์ได้ แต่ต้องล็อกอินก่อน ::
  ล็อกอิน

รายการสื่อสารสนเทศ

ลำดับที่ ประเภท เลขเรียก/บาร์โค้ด สถานที่ สถานะ
1. วิทยาศาสตร์การแพทย์ และสุขภาพ
วิทยาศาสตร์การแพทย์ และสุขภาพ
WY100 T239f 2011  
  Barcode: 030092
ห้องสมุดวิทยาเขตนครสวรรค์
►หนังสือทั่วไป:l:General Books
บนชั้น

รายการใกล้เคียง
    ผู้แต่ง [Taylor, Carol]

    หัวเรื่อง [Nursing]
    หัวเรื่อง [Health Promotion]
    หัวเรื่อง [Nursing Process]

BibComment


ยังไม่เคยถูกคอมเมนท์

คอมเมนท์ทรัพยากรรายการนี้
  คอมเมนท์: Skill checklist f..


 Copyright 2026. Bcnsprnw @Library